| 000 | 00415nam a2200205Ia 4500 | ||
|---|---|---|---|
| 001 | 12748 | ||
| 003 | GE_BSU | ||
| 008 | 181216s||||||||xx |||||||||||||| ||und|| | ||
| 020 | _a9780553824339 | ||
| 040 | _cGE_BSU | ||
| 080 | _a821.111-312.4 | ||
| 100 | _aHayder,Mo | ||
| 245 | _aGone | ||
| 260 | _aLondon | ||
| 260 | _bBantam Books | ||
| 260 | _c2010 | ||
| 300 | _a557p.20cm. | ||
| 653 | _aGone | ||
| 942 | _cBK | ||
| 999 |
_c45919 _d45919 |
||